| 000 | 00714nam a22002177a 4500 | ||
|---|---|---|---|
| 005 | 20170920123919.0 | ||
| 010 | _aENG-120461 | ||
| 020 |
_a9789384402976 _c750.00 |
||
| 035 | _aEN-103993 | ||
| 037 | _bDBAD/PUB | ||
| 082 | _a371.3 | ||
| 100 | _aDhillon, Shamshir Singh | ||
| 245 |
_aEssentials of teaching and learning / _cby Shamshir Singh Dhillon;Ranjit Kaur [and] Ajit Singh |
||
| 260 |
_aDelhi _bGyan Geeta Prakashan _c2016 |
||
| 270 |
_bF-7,Gali No.1,Panchsheel Garden, Ex.Naveen Shahdara _aDelhi _e110032 |
||
| 300 |
_ax,272p.: _c22cm(Hb) _bill. |
||
| 500 | _aIncludes bibliographical references | ||
| 700 | _aKaur, Ranjit | ||
| 700 | _aSingh, Ajit | ||
| 942 |
_2ddc _cEN _h371.3 _mDHI |
||
| 999 |
_c145059 _d145059 |
||